| 000 | 01032cam a22002895a 4500 | ||
|---|---|---|---|
| 999 |
_c7121 _d7121 |
||
| 003 | EG-ScBUE | ||
| 005 | 20200122143150.0 | ||
| 008 | 110124s2004 ua f f000 0 ara d | ||
| 017 | _a2004 / 16926 | ||
| 020 | _a9770193291 | ||
| 040 |
_aEG-ScBUE _bara _erda _cEG-ScBUE _dEG-ScBUE |
||
| 082 | 0 | 4 |
_a808 _bف ر ي _222 |
| 100 | 1 |
_aفريد، ماهر شفيق، _d1944- _eمؤلف. _922177 |
|
| 245 | 1 | 0 |
_aقطوف من أمهات الكتب. _nالجزء الثاني / _cد. ماهر شفيق فريد ؛ تقديم د. محمد عناني. |
| 264 | 1 |
_aالقاهرة : _bالهيئة المصرية العامة للكتاب، _c2004. |
|
| 300 |
_a314 صفحة ؛ _c20 سم |
||
| 336 |
_2rdacontent _aنص _btxt |
||
| 337 |
_2rdamedia _aبدون وسيط _bn |
||
| 338 |
_2rdacarrier _aمجلد _bnc |
||
| 590 | _aeman | ||
| 650 | 7 |
_aالأدب _vمجموعات. _2BUEsh |
|
| 651 | _2BUEsh | ||
| 653 |
_bARALIT _cNovember2017 |
||
| 655 | _vReading book | ||
| 700 | 1 |
_aعناني، محمد، _d1939- _eمقدم. |
|
| 942 | _2ddc | ||